<?xml version="1.0" encoding="UTF-8"?>
<record
    xmlns:xsi="http://www.w3.org/2001/XMLSchema-instance"
    xsi:schemaLocation="http://www.loc.gov/MARC21/slim http://www.loc.gov/standards/marcxml/schema/MARC21slim.xsd"
    xmlns="http://www.loc.gov/MARC21/slim">

  <leader>00877nam a2200289Ia 4500</leader>
  <controlfield tag="001">019272</controlfield>
  <controlfield tag="008">221003m2003    xx            000 0 por d</controlfield>
  <datafield tag="035" ind1=" " ind2=" ">
    <subfield code="a">CENDO_12443</subfield>
  </datafield>
  <datafield tag="041" ind1=" " ind2=" ">
    <subfield code="a">por</subfield>
    <subfield code="b"></subfield>
  </datafield>
  <datafield tag="084" ind1=" " ind2=" ">
    <subfield code="a">CR-00144</subfield>
  </datafield>
  <datafield tag="245" ind1=" " ind2="0">
    <subfield code="a">Anu&#xE1;rio Estad&#xED;stico de Acidentes do Trabalho :</subfield>
    <subfield code="b">2002</subfield>
  </datafield>
  <datafield tag="260" ind1=" " ind2=" ">
    <subfield code="a">Brasilia :</subfield>
    <subfield code="b">Minist&#xE9;rio do Trabalho e Emprego ; Minist&#xE9;rio da Previd&#xEA;ncia e Assist&#xEA;ncia Social</subfield>
  </datafield>
  <datafield tag="300" ind1=" " ind2=" ">
    <subfield code="a">1 CD-ROM</subfield>
  </datafield>
  <datafield tag="650" ind1=" " ind2=" ">
    <subfield code="a">CUADROS ESTADISTICOS</subfield>
    <subfield code="9">14</subfield>
  </datafield>
  <datafield tag="650" ind1=" " ind2=" ">
    <subfield code="a">ACCIDENTE DE TRABAJO</subfield>
    <subfield code="9">581</subfield>
  </datafield>
  <datafield tag="650" ind1=" " ind2=" ">
    <subfield code="a">SEGURIDAD EN EL TRABAJO</subfield>
    <subfield code="9">492</subfield>
  </datafield>
  <datafield tag="650" ind1=" " ind2=" ">
    <subfield code="a">BRASIL</subfield>
    <subfield code="9">3058</subfield>
  </datafield>
  <datafield tag="710" ind1=" " ind2=" ">
    <subfield code="a">BRASIL</subfield>
    <subfield code="b">Minist&#xE9;rio do Trabalho e Emprego</subfield>
    <subfield code="9">3353</subfield>
  </datafield>
  <datafield tag="710" ind1=" " ind2=" ">
    <subfield code="a">BRASIL</subfield>
    <subfield code="b">Minist&#xE9;rio da Previd&#xEA;ncia e Assist&#xEA;ncia Social</subfield>
    <subfield code="9">12391</subfield>
  </datafield>
  <datafield tag="901" ind1=" " ind2=" ">
    <subfield code="a">0</subfield>
  </datafield>
  <datafield tag="903" ind1=" " ind2=" ">
    <subfield code="a">NO</subfield>
  </datafield>
  <datafield tag="904" ind1=" " ind2=" ">
    <subfield code="a">000</subfield>
  </datafield>
  <datafield tag="953" ind1=" " ind2=" ">
    <subfield code="d">2004-02-04</subfield>
    <subfield code="y">CDROM</subfield>
    <subfield code="o">CR-00144</subfield>
  </datafield>
  <datafield tag="999" ind1=" " ind2=" ">
    <subfield code="c">12442</subfield>
    <subfield code="d">12442</subfield>
  </datafield>
  <datafield tag="910" ind1=" " ind2=" ">
    <subfield code="a">2003</subfield>
  </datafield>
  <datafield tag="942" ind1=" " ind2=" ">
    <subfield code="c">CDROM</subfield>
  </datafield>
  <datafield tag="952" ind1=" " ind2=" ">
    <subfield code="0">0</subfield>
    <subfield code="1">0</subfield>
    <subfield code="4">0</subfield>
    <subfield code="7">0</subfield>
    <subfield code="a">CENDO</subfield>
    <subfield code="b">CENDO</subfield>
    <subfield code="d">2004-02-04</subfield>
    <subfield code="l">1</subfield>
    <subfield code="o">CR-00144</subfield>
    <subfield code="p">CENDO_12443</subfield>
    <subfield code="r">2024-04-09 00:00:00</subfield>
    <subfield code="s">2024-04-09</subfield>
    <subfield code="w">2022-10-05</subfield>
    <subfield code="y">CDROM</subfield>
  </datafield>
</record>
